Fortnite Chapter 1 Multiple Choice Quiz - Statistics

General Stats
  • This quiz has been taken 179 times
  • The average score is 41 of 60
Answer Stats
Question Tile Select % Correct
In which year did Fortnite Battle Royale first release? 2020 No
89%
Which major location was destroyed by Kevin the Cube? Salty Springs No
88%
In which year did Fortnite Battle Royale first release? 2019 No
87%
Which item was introduced in Season 3 and became iconic for mobility? Baller No
87%
What was the theme of Chapter 1 Season 2? Superheroes No
87%
Which major location was destroyed by Kevin the Cube? Retail Row No
85%
Which item was introduced in Season 3 and became iconic for mobility? Rift-To-Go No
85%
What was the theme of Season 8? Time No
85%
In which year did Fortnite Battle Royale first release? 2016 No
83%
Which flying vehicle was introduced in Season 7? Baller No
83%
In what season was the Batman collab added to Fortnite? Season 1 No
82%
What was the theme of Chapter 1 Season 2? Space No
82%
What animal-shaped structure was located on the mountain directly behind Junk Junction? Pig No
81%
In what season was the Batman collab added to Fortnite? Season 7 No
80%
In which Fortnite Chapter 1 season was Playground Mode first introduced? Season 8 No
80%
In which year did Fortnite Battle Royale first release? 2017 Yes
79%
What was the black-hole downtime length after The End? 6 Hours No
79%
What animal-shaped structure was located on the mountain directly behind Junk Junction? Bear No
79%
What animal-shaped structure was located on the mountain directly behind Junk Junction? Fox No
79%
Which major location was destroyed by Kevin the Cube? Loot Lake Yes
79%
Which flying vehicle was introduced in Season 7? Quadcrasher No
79%
Which major location was destroyed by Kevin the Cube? Tilted Towers No
79%
Which skin was secret in Season 4? Ragnarok No
78%
In what season was Tilted Towers first added? Season 1 No
77%
In what season was Tilted Towers first added? Season 4 No
77%
Which skin was secret in Season 4? Enforcer No
76%
What animal-shaped structure was located on the mountain directly behind Junk Junction? Llama Yes
76%
Which flying vehicle was introduced in Season 7? Driftboard No
75%
What weapon was vaulted at the start of Season X that caused controversy? Heavy Sniper No
75%
What was the first season where console players could customize their button layout? Season 1 No
75%
What weapon was vaulted at the start of Season X that caused controversy? Tactical Shotgun No
75%
What was the theme of Season 8? Jungle No
73%
What was the theme of Chapter 1 Season 2? Winter No
72%
What was the black-hole downtime length after The End? 5 Days No
71%
Which skin was secret in Season 4? Omega No
71%
In which Fortnite Chapter 1 season was Playground Mode first introduced? Season 7 No
70%
What was the live event that destroyed Tilted Towers? The End No
68%
What was the theme of Season 8? Volcano No
67%
What was the theme of Season 8? Pirates Yes
66%
What was the black-hole downtime length after The End? 24 Hours No
65%
Which flying vehicle was introduced in Season 7? X-4 Stormwing Yes
65%
What was the live event that destroyed Tilted Towers? The Final Showdown No
64%
What was the first season where console players could customize their button layout? Season 7 No
63%
What was the theme of Chapter 1 Season 2? Medieval Yes
62%
Which skin was secret in Season 4? The Visitor Yes
62%
What was the live event that destroyed Tilted Towers? The Blast Off No
61%
In what season was Tilted Towers first added? Season 3 No
57%
In what season was the Batman collab added to Fortnite? Season 9 No
57%
In what season was the Batman collab added to Fortnite? Season X Yes
57%
What was the first season where console players could customize their button layout? Season 5 No
56%
What was the black-hole downtime length after The End? 2 Days Yes
53%
Which item was introduced in Season 3 and became iconic for mobility? Shopping Cart No
50%
In which Fortnite Chapter 1 season was Playground Mode first introduced? Season 5 No
49%
What weapon was vaulted at the start of Season X that caused controversy? Drum Gun No
45%
In what season was Tilted Towers first added? Season 2 Yes
45%
Which item was introduced in Season 3 and became iconic for mobility? Launch Pad Yes
42%
In which Fortnite Chapter 1 season was Playground Mode first introduced? Season 4 Yes
37%
What weapon was vaulted at the start of Season X that caused controversy? Pump Shotgun Yes
36%
What was the first season where console players could customize their button layout? Season 4 Yes
36%
What was the live event that destroyed Tilted Towers? The Unvaulting Yes
24%
No matching quizzes found
Score Distribution
Percent of People with Each Score
Percentile by Number Answered
Your Score History
You have not taken this quiz